| 000 | 00496nam a22001937a 4500 | ||
|---|---|---|---|
| 008 | 150602b xxu||||| |||| 00| 0 eng d | ||
| 020 | _a0072828803 | ||
| 020 | _a0073080152 | ||
| 041 | 0 | _aeng | |
| 080 | _a339.138 | ||
| 245 | 0 | 0 |
_aMarketing / _cRoger A. Kerin ... [et al.]. |
| 250 | _a8th ed. | ||
| 260 |
_aNew York : _bMcGraw-Hill/Irwin, _cc2006. |
||
| 300 |
_a733 f. : _bme il.; _c29 cm. |
||
| 505 | _aIndex: f.705-731 | ||
| 650 | 0 | _aMarketing | |
| 700 | 1 | _aKerin, Roger A. | |
| 942 |
_2udc _cBK |
||
| 999 |
_c966 _d966 |
||